[Event "EWCCC Online Preliminary-C 2020"]
[Site "Online"]
[Date "2020.12.19"]
[Round "1.1"]
[White "Pogonina, Natalija"]
[Black "Mar, Karmen"]
[Result "1-0"]
[WhiteElo "2475"]
[BlackElo "2093"]
[Annotator "TA"]
[PlyCount "89"]
[EventDate "2020.12.19"]
[EventType "team-tourn"]
[EventCountry "NET"]
[SourceTitle "playchess.com"]
[Source "ChessBase"]
[SourceQuality "1"]

{[%evp 15,89,22,26,18,25,14,10,12,33,22,29,26,23,-3,46,22,70,54,52,61,58,59,66,65,87,56,48,52,52,0,0,0,0,0,89,88,101,101,101,102,297,324,306,314,303,332,333,324,313,312,812,859,858,775,792,593,807,806,733,737,712,720,839,815,1360,1099,29980,29981,29981,29982,29982,29983,29983,29984,29986,29987]} 1. d4 d5 2. Nf3 Nf6 3. c4 c6 4. e3 Bf5 5. Nc3 e6 6. Nh4 Be4 7. f3 Bg6 8. Qb3 Qc7 9. Bd2 {D12: Slav Defence: 3 Nf3 Nf6 4 e3 Bf5.} Be7 10. Nxg6 hxg6 11. g3 {The position is equal.} dxc4 12. Bxc4 b5 13. Be2 a6 {[#]} 14. e4 $146 ({Predecessor:} 14. Rc1 Nbd7 15. e4 Qb6 16. e5 Ng8 17. Be3 Nh6 18. g4 c5 19. dxc5 Bxc5 20. Bxc5 Nxc5 {½-½ (48) Fuzishawa,R (2400)-Figlio,G (2487) ICCF email 2018}) 14... Nbd7 15. e5 Nd5 16. Nxd5 cxd5 17. Rc1 Qa7 18. Qd3 Nb6 {[%cal Bd7b6,Bb6c8,Bc8e7,Be7f5][%mdl 32]} 19. b3 Rc8 20. Rxc8+ Nxc8 21. h4 Bd8 22. Kf2 (22. a4 $14) 22... Bb6 $11 23. Be3 Ne7 24. a4 bxa4 (24... Nf5 $11) 25. bxa4 $16 Nf5 26. Qxa6 Qxa6 27. Bxa6 Bxd4 $2 {[#] Loses the game.} (27... Nxe3 $16 28. Kxe3 Ke7) 28. Bxd4 $18 Nxd4 $16 {[%mdl 4096] Endgame KRB-KRN} 29. Rd1 Nf5 30. Rc1 {Strongly threatening Rc8+.} O-O 31. a5 {[%cal Ba4a5,Ba5a6][%mdl 32]} Nd4 {[#]} 32. Rc3 $1 Ra8 $2 (32... f6 33. exf6 gxf6) 33. Rc8+ $18 Rxc8 34. Bxc8 {KB-KN} Nc6 35. a6 Kf8 36. Bd7 Na7 37. Ke3 Ke7 38. Ba4 f6 39. Kd4 g5 40. hxg5 fxg5 41. Kc5 {White mates.} Nc8 42. Kc6 d4 43. Kb7 Kd8 44. Bb5 g6 45. g4 {Weighted Error Value: White=0.04/Black=0.45} 1-0

[Event "EWCCC Online Preliminary-C 2020"]
[Site "Online"]
[Date "2020.12.19"]
[Round "1.1"]
[White "Badelka, Olga"]
[Black "Mihevc-Mohr, Narcisa"]
[Result "1-0"]
[WhiteElo "2427"]
[BlackElo "1974"]
[Annotator "TA"]
[PlyCount "51"]
[EventDate "2020.12.19"]
[EventType "team-tourn"]
[EventCountry "NET"]
[SourceTitle "playchess.com"]
[Source "ChessBase"]
[SourceQuality "1"]

{[%evp 27,51,45,107,63,99,85,168,165,191,179,295,278,293,283,284,233,349,345,991,984,3485,2425,5493,5493,29998,29999]} 1. c4 Nf6 2. Nc3 g6 3. g3 Bg7 4. Bg2 O-O 5. Nf3 d6 6. d4 Nbd7 7. O-O e5 8. e4 Re8 9. Qc2 exd4 10. Nxd4 a5 11. h3 Nc5 12. Be3 c6 13. Rfe1 Qe7 14. Rad1 Bd7 (14... Ncxe4 $2 15. Bf4 $18) (14... h5 $14) 15. Bg5 {E69: King's Indian: Fianchetto: 6...Nbd7 7 0-0 e5 8 e4 c6 9 h3.} h6 16. Bf4 Nh5 {[#]} (16... Rad8 $16 {was called for.}) 17. Nxc6 $146 {[%mdl 512] White is clearly better.} ({Predecessor:} 17. Be3 Rad8 18. Nde2 Bc8 19. Nf4 Nf6 20. Bd4 Qf8 21. Bxc5 dxc5 22. Rxd8 Rxd8 23. e5 {1-0 (41) Di Diego,O-Mondaca,O Mar del Plata 1992}) 17... Bxc6 ({Don't go for} 17... bxc6 $2 18. Bxd6 Qe6 19. Bxc5 $18) 18. Bxd6 Qg5 (18... Qe6 {is a better defense.}) 19. h4 Qg4 20. Bxc5 Bxc3 21. bxc3 f5 (21... Ng7 $142 22. Qd3 g5 23. hxg5 hxg5) 22. Qd2 Rad8 $2 (22... g5 23. Qd6 gxh4 24. Qxh6 Ng7) 23. Qxd8 {[#] Black must now prevent exf5!} Rxd8 24. Rxd8+ Kf7 25. exf5 Bxg2 26. Re7+ {White took control after the opening.  Weighted Error Value: White=0.14/Black=1.41} 1-0

[Event "EWCCC Online Preliminary-C 2020"]
[Site "Online"]
[Date "2020.12.19"]
[Round "1.1"]
[White "Hrenic, Misa"]
[Black "Girya, Olga"]
[Result "0-1"]
[WhiteElo "2020"]
[BlackElo "2469"]
[Annotator "TA"]
[PlyCount "84"]
[EventDate "2020.12.19"]
[EventType "team-tourn"]
[EventCountry "NET"]
[SourceTitle "playchess.com"]
[Source "ChessBase"]
[SourceQuality "1"]

{[%evp 21,84,18,18,7,16,11,10,4,4,0,17,0,4,-21,0,0,-13,-2,24,20,17,0,7,0,0,-55,-62,-56,-16,-20,-28,-83,-8,-14,8,-14,11,-15,0,-18,-14,-70,-43,-54,0,-85,-14,-19,-8,-9,-8,-109,-102,-118,-116,-101,-101,-159,-151,-208,-209,-275,-265,-347,-334]} 1. e4 c6 2. d4 d5 3. Nc3 dxe4 4. Nxe4 Nf6 5. Nxf6+ exf6 6. c3 Bd6 7. Bd3 O-O 8. Ne2 Re8 9. O-O Nd7 10. Bf4 Nf8 11. Bxd6 Qxd6 12. Qc2 {B15: Caro-Kann: 3 Nc3: 3...g6 and 3...dxe4 4 Nxe4 Nf6 5 Nxf6+ exf6.} Be6 13. Ng3 {[#]} Qc7 $146 ({Predecessor:} 13... Rad8 14. Rfd1 Qc7 15. b4 g6 16. Ne4 Qe7 17. Nd2 Bg4 18. Rdc1 Be2 19. Nb3 Bxd3 20. Qxd3 {½-½ (40) Dahl,T (2241)-Lund,T (2087) Hell 2019}) 14. b3 {The position is equal.} Rad8 15. Rfe1 c5 16. dxc5 Qxc5 17. Re3 Bd7 18. Rae1 Rxe3 19. Rxe3 Re8 (19... g6 {is more complex.} 20. b4 Qc7 21. Ne4 Kg7 22. c4 Bc6) 20. Rxe8 Bxe8 21. h3 g6 22. Ne4 Qe5 23. a4 (23. Nd2 $11) 23... Bc6 $15 24. Nd2 Qe1+ 25. Nf1 Ne6 {next ...Nf4 is good for Black.} 26. Qd2 {[#]} (26. Bc4 $11) 26... Qe5 (26... Qxd2 $1 $17 27. Nxd2 Bxg2) 27. Ne3 Qg5 28. Bf1 Nf4 29. Kh2 (29. g3 $5 {[%cal Rh3h4]} Nd5 30. Bg2 Nxe3 31. Bxc6 $11) 29... Kg7 30. Qd4 Ne6 31. Qd2 (31. Qxa7 $11 Qe5+ {[%mdl 64] Double Attack} 32. Kg1) 31... Qe5+ 32. Kg1 Ng5 (32... Nc5 $1 $15 33. Qb2 Ne4) 33. Ng4 (33. Nc4 $11 Qe4 34. Qd3) 33... Qe7 (33... Qe4 $17 {...Nxh3+! is the strong threat.} 34. Qe3 Qxe3 35. Nxe3 Ne4) 34. Qd4 $11 h5 $36 {[%mdl 2048] White is under pressure.} 35. Ne3 Qe4 {aiming for ...Nxh3+!} 36. Qxe4 (36. f3 $11 Qb1 37. Qd1) 36... Nxe4 {[%mdl 4096] Endgame KBN-KBN} 37. c4 Nc5 38. b4 Nxa4 39. b5 (39. Nc2 $142) 39... Bd7 $17 40. Nd5 (40. g4 $17 {was worth a try.}) 40... Be6 $19 41. Nb4 Kf8 42. c5 Nxc5 {Weighted Error Value: White=0.33/Black=0.17} 0-1

[Event "EWCCC Online Preliminary-C 2020"]
[Site "Online"]
[Date "2020.12.19"]
[Round "1.1"]
[White "Drevensek, Doroteja"]
[Black "Dordzhieva, Dinara"]
[Result "0-1"]
[WhiteElo "1385"]
[BlackElo "2352"]
[Annotator "TA"]
[PlyCount "94"]
[EventDate "2020.12.19"]
[EventType "team-tourn"]
[EventCountry "NET"]
[SourceTitle "playchess.com"]
[Source "ChessBase"]
[SourceQuality "1"]

{[%evp 20,93,26,22,30,0,0,0,0,-15,0,-8,-8,-23,-25,-25,-14,-58,7,6,10,4,0,0,6,0,4,0,0,0,0,-12,0,0,0,-6,0,-14,0,-79,0,-15,0,-29,-27,-22,0,0,0,0,0,0,-9,-10,-11,-145,-60,-225,-240,-228,-242,-234,-204,-212,-135,-272,-239,-234,-223,-338,-342,-1385,-1375,-29998,-29999,-29999]} 1. e4 c5 2. c3 d5 3. exd5 Qxd5 4. d4 Nf6 5. Nf3 Nc6 6. Be3 cxd4 7. cxd4 e6 8. Nc3 Qd8 9. Be2 Be7 10. O-O O-O 11. Rc1 Nb4 {B22: Sicilian: 2 c3.} 12. a3 Nbd5 13. Nxd5 Nxd5 {The position is equal.} 14. Qb3 {[#]} Qd6 $146 ({Predecessor:} 14... b6 15. Rfd1 Bb7 16. Bd2 Qd6 17. Bg5 Bxg5 18. Nxg5 Rac8 19. Qd3 g6 20. Qh3 h5 {0-1 (39) Pavlik,V (1573)-Chlebek,J (1573) Kouty nad Desnou 2015}) 15. Nd2 b6 16. Ne4 Qd8 17. Nc3 Bb7 18. Bf3 Qd7 (18... Nxc3 $15 19. Rxc3 Bxf3 20. gxf3 Bd6) 19. Nxd5 $11 Bxd5 20. Bxd5 exd5 21. Rc3 Bd6 22. Rfc1 Rfe8 23. h3 h6 24. Kh1 Qf5 25. Rc6 Rad8 26. Qc2 Qd7 27. Qd2 Re4 28. Qd3 Rde8 29. Qc3 {[#]} (29. b4 $11) 29... Bb8 (29... Bc5 $1 $17 {[%mdl 512]} 30. Rxh6 (30. dxc5 Qxc6) 30... gxh6 31. dxc5 d4) 30. Rc8 Qd6 {[%csl Gb8][%cal Rd6h2]} 31. Rxe8+ (31. g3 {is interesting.} Qg6 32. Qd3 f5 33. Bd2 Qf7 34. Qb5) 31... Rxe8 {[%csl Gb8][%cal Rd6h2]} 32. g3 $1 h5 33. Bf4 Qe6 34. Bxb8 $1 Qxh3+ 35. Kg1 Rxb8 {[%mdl 4096] Endgame KQR-KQR} 36. Qf3 Re8 37. b4 (37. Qxd5 $11 h4 38. Qh5) 37... g6 (37... Re4 $17 38. Qc3 Kh7) 38. Qg2 $2 ({White should try} 38. Qxd5 $15 h4 39. Qf3) 38... Qf5 $19 39. Qf1 {[#]} h4 $1 {[%mdl 512]} 40. Re1 (40. gxh4 Re4) 40... Rc8 41. Rc1 Rd8 42. Qg2 {This costs White the game.} (42. Qe1 $17 {is a better defense.}) 42... hxg3 43. Qxg3 Re8 44. Kg2 (44. Rc3 $142) 44... Re4 {Strongly threatening ...Rg4.} 45. Kh2 $2 (45. f3 Rxd4 46. Re1) 45... Rg4 46. Qc3 Qxf2+ {[%mdl 64] Double Attack} 47. Kh3 Qg2# {Accuracy: White = 53%, Black = 78%.} 0-1

[Event "EWCCC Online Preliminary-C 2020"]
[Site "Online"]
[Date "2020.12.19"]
[Round "1.2"]
[White "Hoang, Thanh Trang"]
[Black "Ptacnikova, Lenka"]
[Result "1-0"]
[WhiteElo "2404"]
[BlackElo "2130"]
[Annotator "TA"]
[PlyCount "79"]
[EventDate "2020.12.19"]
[EventType "team-tourn"]
[EventCountry "NET"]
[SourceTitle "playchess.com"]
[Source "ChessBase"]
[SourceQuality "1"]

{[%evp 26,79,102,91,106,116,117,100,107,102,104,112,125,105,91,95,75,36,38,36,84,16,7,4,112,104,195,0,0,0,0,-20,-36,-27,-24,-36,0,-17,-8,-114,-117,-103,-92,-135,-70,-56,33,25,30,0,61,56,62,0,162,0]} 1. d4 Nf6 2. Nf3 e6 3. e3 c5 4. Bd3 b6 5. O-O Bb7 6. c4 Be7 7. Nc3 O-O 8. d5 exd5 9. cxd5 d6 10. e4 Nbd7 11. h3 Re8 12. Bf4 a6 13. a4 Bf8 14. Re1 Ne5 {E14: Queen's Indian: Classical Variation (4 e3).} 15. Nxe5 dxe5 16. Be3 {[#]} g6 $146 {White is better.} ({Predecessor:} 16... Bd6 17. Bc4 Kh8 18. Qe2 Rg8 19. g3 Bc8 20. Kg2 Nd7 21. Rh1 g6 22. g4 f5 {0-1 (59) Koenig,D (2310)-Weiss,C (2325) Wattens 1997}) 17. Qd2 Rc8 18. Bc4 Nh5 19. Rad1 Bd6 20. Be2 Nf4 21. Bg4 Rc7 22. g3 h5 23. Bf3 ({But not} 23. Bxf4 $2 exf4 24. Be2 fxg3 $17) (23. gxf4 $16 {And now Bf3 would win.} hxg4 24. hxg4) 23... Nxh3+ $11 24. Kg2 Bc8 (24... Qf6 $1 $11) 25. Rh1 $1 $16 Qd7 {[#]} (25... g5 $16 {was called for.}) 26. Kf1 $2 (26. Rh2 $1 $18) 26... f6 $11 27. Bg2 Ng5 $1 28. Bxg5 fxg5 29. Qxg5 Qg7 30. Bh3 Rf7 31. Bxc8 (31. Be6 $5) 31... Rxc8 32. Kg2 (32. g4 $1 $11 {remains equal.}) 32... Rcf8 $17 33. Rd2 Rf3 {Threatens to win with ...Be7.} 34. Re2 {[#]} Be7 (34... c4 $1 $17 35. Qh4 Qf7) 35. Qd2 $15 h4 (35... Bd8 $15) 36. d6 $14 Bd8 37. Qd5+ Kh7 (37... R8f7 $1 $11) 38. Nd1 Bg5 $1 39. gxh4 (39. Qe6 $14) 39... Bd8 $2 (39... Bh6 $11) 40. Qe6 $2 {[%mdl 32768] Weighted Error Value: White=0.26/Black=0.45. Loss on time!?} ({Better is} 40. Ne3 $18) 1-0

[Event "EWCCC Online Preliminary-C 2020"]
[Site "Online"]
[Date "2020.12.19"]
[Round "1.2"]
[White "Papp, Petra"]
[Black "Johannsdottir, Johanna Bjorg"]
[Result "1-0"]
[WhiteElo "2336"]
[BlackElo "1935"]
[Annotator "TA"]
[PlyCount "59"]
[EventDate "2020.12.19"]
[EventType "team-tourn"]
[EventCountry "NET"]
[SourceTitle "playchess.com"]
[Source "ChessBase"]
[SourceQuality "1"]

{[%evp 19,59,12,18,29,48,0,0,-20,8,12,0,-118,-78,-64,-69,-119,-93,-212,56,43,47,-37,-43,-37,-59,-53,-37,-57,-39,-42,52,17,106,96,291,271,307,304,390,333,491,478]} 1. d4 Nf6 2. Nc3 g6 3. e4 d6 4. Bf4 Bg7 5. Qd2 c6 6. f3 Nbd7 7. O-O-O Qa5 8. Bh6 Bxh6 9. Qxh6 b5 {[%cal Bb7b5,Bb5b4][%mdl 32]} 10. Kb1 b4 11. Nce2 $1 {B07: Pirc Defence: Miscellaneous Systems.} Ba6 12. g4 c5 13. Qe3 {The position is equal.} c4 14. g5 Nh5 15. Nc1 (15. Ng3 $11) 15... Rc8 {[#]} 16. Bh3 $146 ({Predecessor:} 16. f4 c3 17. Bxa6 Qxa6 18. f5 O-O 19. Nge2 Qb6 20. Ng3 Ng7 21. Qe2 a5 22. h4 {1-0 (38) Krupa,B (2038)-Derlacz,T Rudnik 2000}) 16... c3 $36 {[%mdl 2048] Black fights for an advantage.} 17. Nb3 Qa4 18. e5 {[#]} (18. d5 $17 {is a better defense.} Rc7 19. bxc3) 18... d5 $2 ({Black should play} 18... O-O $1 $19 19. e6 Nb6 20. exf7+ Rxf7 21. Bxc8 Bxc8) 19. e6 $1 $14 {[%cal Re6d7]} fxe6 {Threatens to win with ...Ng7.} 20. Qxe6 (20. Re1 $14 Ng7 21. Bxe6) 20... Nf4 $15 21. Qxd7+ $1 Qxd7 22. Bxd7+ Kxd7 23. Nc5+ {[#]} Rxc5 $1 {[%mdl 512]} 24. dxc5 cxb2 (24... Rf8 $15) 25. h4 Rc8 (25... Rf8 $11) 26. Nh3 Ne2 $2 (26... Nxh3 $16 27. Rxh3 Rxc5) 27. Rxd5+ $18 Kc6 28. Re5 Rc7 29. Kxb2 Bc4 (29... Nd4 {was necessary.} 30. Nf4 Nxf3) 30. Re1 {What a bad dream for Black. Accuracy: White = 49%, Black = 25%.} 1-0

[Event "EWCCC Online Preliminary-C 2020"]
[Site "Online"]
[Date "2020.12.19"]
[Round "1.2"]
[White "Thorsteinsdottir, Hallgerdur"]
[Black "Gara, Anita"]
[Result "0-1"]
[WhiteElo "2009"]
[BlackElo "2350"]
[Annotator "TA"]
[PlyCount "78"]
[EventDate "2020.12.19"]
[EventType "team-tourn"]
[EventCountry "NET"]
[SourceTitle "playchess.com"]
[Source "ChessBase"]
[SourceQuality "1"]

{[%evp 10,78,43,13,8,-12,-12,-20,-13,-5,13,10,9,10,62,14,43,32,42,-8,0,-49,-34,-45,-43,-67,-31,-203,-125,-118,-125,-145,-114,-105,-101,-319,-309,-308,-305,-306,-312,-290,-289,-277,-192,-272,-192,-359,-297,-699,-696,-688,-675,-29986,-29987,-29987,-959,-876,-836,-5714,-5347,-2181,-711,-29966,-29966,-29992,-29993,-29997,-29998,-29998,-29999]} 1. e4 c5 2. Nf3 g6 3. c3 d5 4. exd5 Qxd5 5. d4 Bg7 6. Be3 Nf6 {B06: Modern Defence.} 7. h3 cxd4 8. cxd4 O-O {The position is equal.} 9. Nc3 Qa5 10. Bc4 Nc6 11. O-O {[#]} a6 $146 (11... e6 $11) ({Predecessor:} 11... Bf5 12. a3 Rad8 13. b4 Qc7 14. Nb5 Qb8 15. Qb3 a6 16. Nc3 b5 17. Be2 Ne4 {0-1 (41) Bartoszewicz,M (1853)-Romashov,A (2076) Krakow 2018}) 12. a3 (12. d5 $5 {[%cal Rd5c6]} Rd8 13. Qb3 $14) 12... b5 {[%cal Bb7b5,Bb5b4][%mdl 32]} 13. Ba2 e6 14. Rc1 Bb7 15. Qd2 b4 16. Nb1 Rfd8 17. Rfd1 Rd7 18. Ng5 $2 (18. Qd3 $15) 18... Nd5 19. Rc5 Qd8 20. axb4 Ncxb4 21. Bxd5 Nxd5 22. Nc3 $2 (22. Nf3 $17 {was necessary.}) 22... Nxe3 $19 23. fxe3 {[#]} e5 $1 {[%mdl 512]} 24. Nf3 (24. dxe5 Rxd2) 24... Bxf3 25. gxf3 exd4 {aiming for ...Raa7.} 26. Ne2 Qh4 {Hoping for ...Rad8.} 27. Kg2 (27. Nxd4 $142 Rad8 28. Kg2) 27... Rad8 {...dxe3 is the strong threat.} ({Don't do} 27... dxe3 28. Qxd7 Qf2+ 29. Kh1 $19) 28. e4 $2 (28. exd4 {was worth a try.} Bxd4 29. Nxd4 Rxd4 30. Qe1) 28... Bh6 29. Qa5 $2 (29. Qd3) 29... Be3 {( -> ...Qf2+)} 30. Ng3 d3 31. Rd5 Rxd5 32. exd5 Bf4 (32... Rc8 $142 33. Qc3 Rxc3 34. bxc3 Qa4 35. Rf1 Qc2+ {[%mdl 64] Double Attack} 36. Kh1 d2 37. f4 d1=Q 38. Rxd1 Qxd1+ {[%mdl 64] Double Attack} 39. Kg2 Qxd5+ 40. Ne4 Qxe4+ {[%mdl 64] Double Attack} 41. Kf1 Qc2 42. Ke1 Qf2+ 43. Kd1 Qd2#) 33. Ne4 f5 34. Rxd3 fxe4 35. fxe4 Qg5+ (35... Rc8 $142 36. Rc3 Rb8) 36. Kf2 Rf8 {Black mates.} 37. Ke2 Qg2+ {[%mdl 64] [#] Double Attack} 38. Ke1 Bg3+ 39. Kd1 Rf1+ {Weighted Error Value: White=0.99/Black=0.43} 0-1

[Event "EWCCC Online Preliminary-C 2020"]
[Site "Online"]
[Date "2020.12.19"]
[Round "1.2"]
[White "Gretarsdottir, Lilja"]
[Black "Lazarne Vajda, Szidonia"]
[Result "0-1"]
[WhiteElo "1984"]
[BlackElo "2345"]
[Annotator "TA"]
[PlyCount "90"]
[EventDate "2020.12.19"]
[EventType "team-tourn"]
[EventCountry "NET"]
[SourceTitle "playchess.com"]
[Source "ChessBase"]
[SourceQuality "1"]

{[%evp 12,90,21,5,19,19,23,0,0,0,6,8,20,0,14,9,10,-56,-61,-57,14,-37,-45,-59,-51,-75,-20,-77,-36,-118,-75,-123,-112,-137,-136,-136,-126,-128,-128,-139,-126,-135,-119,-129,-31,-31,-31,-33,-29,-116,-115,-245,-252,-247,-244,-508,-488,-494,-455,-1349,-1328,-1083,-472,-722,-667,-652,-639,-636,-611,-4874,-4439,-2922,-2656,-29980,-29981,-29981,-29982,-29983,-29984,-29988,-29986]} 1. e4 c6 2. d4 d5 3. Nc3 dxe4 4. Nxe4 Nf6 5. Ng3 g6 6. Nf3 Bg7 7. Be2 Bg4 {B15: Caro-Kann: 3 Nc3: 3...g6 and 3...dxe4 4 Nxe4 Nf6 5 Nxf6+ exf6.} 8. O-O O-O 9. h3 Bxf3 {The position is equal.} 10. Bxf3 Nbd7 11. Re1 Re8 {[#]} 12. Bg5 $146 ({Predecessor:} 12. c3 e5 13. Be3 Qb6 14. dxe5 Qc7 15. exf6 Bxf6 16. Bd4 Bg5 17. Qc2 Bf4 18. Ne4 {1-0 (30) Rossi,M (1317)-Maranhao,H (1251) Sao Paulo 2018}) 12... h6 13. Bf4 Nd5 14. Be5 (14. Bxd5 $11 cxd5 15. c3) 14... Nxe5 $15 15. dxe5 Nf4 (15... e6 $15) 16. Qxd8 (16. Qc1 $11 Ne6 17. Bg4) 16... Rexd8 17. Rad1 h5 18. Ne4 Ne6 (18... Bxe5 $17 19. g3 Ne6) 19. Nc3 (19. Nd2 $11) 19... Rab8 20. Kh2 ({White should try} 20. h4 $15) 20... Rxd1 21. Nxd1 Nd4 22. c3 Nxf3+ 23. gxf3 $17 {[%mdl 4096] Endgame KRB-KRN} Rd8 24. f4 Rd2 25. Kg3 e6 26. a4 Bf8 27. Kf3 b5 (27... Bh6 $17 28. a5 Kf8) 28. axb5 cxb5 29. Ke3 Rd7 30. Ke4 (30. b4 $11 {remains equal.}) 30... a5 {[%cal Ba7a5,Ba5a4][%mdl 32]} 31. Ne3 {White does not recover from this.} (31. Kf3 $17) 31... Rd2 $1 $19 {[%csl LRb2,LRf2]} 32. Nd1 Bc5 33. f3 $2 {[#]} (33. b4 {might work better.} axb4 34. cxb4 Bxb4 35. Rf1) 33... a4 34. Ne3 Rxb2 35. c4 (35. f5 $142) 35... Bxe3 36. Kxe3 {KR-KR} Rb3+ (36... b4 $142 37. f5 exf5) 37. Ke4 (37. Kd4 $142 Rb4 38. Kc5 Rxc4+ {[%mdl 64] Double Attack} 39. Kxb5 Rxf4 40. Re3) 37... Rb4 38. Kd3 Rxc4 39. Rb1 Rxf4 40. Rxb5 Rxf3+ 41. Kd4 Rxh3 42. Ra5 a3 {Black mates.} 43. Ra8+ Kg7 44. Kc5 h4 45. Kd6 Rf3 {Weighted Error Value: White=0.70/Black=0.28} 0-1

[Event "EWCCC Online Preliminary-C 2020"]
[Site "Online"]
[Date "2020.12.19"]
[Round "1.3"]
[White "Melamed, Tatjana"]
[Black "Thode, Gilda"]
[Result "1/2-1/2"]
[WhiteElo "2336"]
[BlackElo "1987"]
[Annotator "TA"]
[PlyCount "95"]
[EventDate "2020.12.19"]
[EventType "team-tourn"]
[EventCountry "NET"]
[SourceTitle "playchess.com"]
[Source "ChessBase"]
[SourceQuality "1"]

{[%evp 19,95,70,175,177,220,144,156,134,112,130,133,89,69,68,104,108,109,118,180,114,197,28,25,33,40,35,20,7,0,0,0,-301,-295,-285,0,0,0,-643,-636,-756,-347,-352,-355,-361,-350,-344,-335,-300,-283,-485,-474,-437,-360,-346,0,-504,-485,-29982,-29983,-29989,-29990,-29990,-29991,-29992,-29986,-29992,-1748,-29992,-29993,-29993,-29994,-29994,0,-1239,0,-29994,0,-1170]} 1. e4 e6 2. d4 d5 3. Nd2 Nf6 4. e5 Nfd7 5. Bd3 c5 6. c3 Nc6 7. Ne2 cxd4 8. cxd4 Be7 9. O-O Qb6 10. Nf3 f6 (10... O-O $14) 11. Nf4 $18 {C06: French Tarrasch: 3...Nf6 4 e5 Nfd7 5 Bd3 main lines.} Nd8 12. exf6 Nxf6 {[#]} 13. Ne5 $146 {White is clearly better.} ({Predecessor:} 13. Re1 O-O 14. a3 Bd7 15. Ng5 h6 16. Nf3 Nf7 17. Ne5 Nxe5 18. dxe5 Nh7 19. Be3 {1-0 (34) Kisadere,K (1813)-Erol,H (1555) Antalya 2018}) 13... O-O 14. Nh5 g6 15. Nxf6+ Bxf6 16. Bh6 Bg7 17. Bxg7 Kxg7 18. Qg4 $1 {[%cal Rd3g6]} Rf6 (18... Nf7 $16) 19. Qh4 (19. Rac1 $18) 19... Nf7 (19... Nc6 $16) 20. Ng4 $2 ({White should try} 20. Rac1 $18) 20... Rf4 $1 $11 {White must now prevent ...h5.} 21. g3 Rxd4 22. Qf6+ Kg8 23. Bxg6 $1 hxg6 24. Qxg6+ Kf8 {Strongly threatening ...e5.} 25. Rac1 $2 {[%mdl 8192] [#]} (25. Nh6 $1 $11 {and White stays safe.} Nxh6 26. Qxh6+ Ke7 27. Qg7+ Kd6 28. Qf8+ Kd7 29. Rac1) 25... e5 $1 $19 ({Not} 25... Rxg4 26. Qxg4 Bd7 27. Rc3 $11) 26. Nf6 {Rxc8+! is the strong threat.} Ke7 $2 ({Black should play} 26... Bh3 $19 {Threatens to win with ...Ke7.} 27. Rcd1 Rxd1 28. Rxd1 Qc6 29. Nh7+ Ke7) 27. Ng8+ $11 Kf8 ({Much less strong is} 27... Ke8 28. Qg7 $17) 28. Qh7 $2 {[%mdl 8192] Black converts the advantage convincingly.} (28. Nf6 $11 Bh3 29. Rcd1 Rxd1 30. Rxd1) 28... Rg4 $19 29. Qh3 Rxg8 (29... Bd7 $142 30. Rc7 Qxc7) 30. Rxc8+ Rxc8 31. Qxc8+ Kg7 32. Qg4+ Qg6 33. Qd7 Qc6 34. Qe7 $2 (34. Qg4+ Kf8 35. Qb4+ Ke8 36. f4) 34... Re8 35. Qh4 Qf6 36. Qa4 Qc6 $2 (36... Re7 $19 {And now ...d4 would win.} 37. Qg4+ Qg6 38. Qxg6+ Kxg6) 37. Qxa7 $2 {[%mdl 8192]} (37. Qh4 $1 $11 {and White has nothing to worry.} Re6 38. Qb4) 37... d4 {Hoping for ...Ng5.} 38. Qa5 (38. h4 $19 Rc8 39. a4) 38... Ng5 {[%cal Rg5h3]} 39. Rd1 Nf3+ 40. Kf1 Nxh2+ 41. Ke2 Qf3+ 42. Ke1 Ng4 (42... Qe4+ $142 43. Kd2 Nf3+ 44. Kc1 Rc8+ 45. Qc3 dxc3 46. Rd7+ Kg8 47. b3 Nd4 48. Rxd4 {[%mdl 64] Remove Defender} Qxd4 49. f3 Qd2+ {[%mdl 64] Double Attack} 50. Kb1 Qd1#) 43. Qd2 Qh1+ 44. Ke2 Qe4+ 45. Kf1 Qh1+ (45... Nh2+ $142 46. Kg1 Nf3+ {[%mdl 64] Double Attack} 47. Kh1 Rh8+ 48. Qh6+ Rxh6+ 49. Kg2 {[#]} Ne1+ $1 {[%mdl 576] Discovered Attack (Double check)} 50. Kg1 Rh1#) 46. Ke2 Qe4+ (46... Qh5 $19 47. Qe1 Rf8) 47. Kf1 Qh1+ (47... Nh2+ $142 48. Kg1 Nf3+ {[%mdl 64] Double Attack} 49. Kf1 Nxd2+ 50. Rxd2 Rh8 51. f4 Qf3+ {[%mdl 64] Double Attack} 52. Rf2 Rh1#) 48. Ke2 {[%mdl 32768] Weighted Error Value: White=0.97/Black=0.77. An unexpected result.} 1/2-1/2